Cinco semanas en globo (Record no. 167272)
[ view plain ]
| 000 -LEADER | |
|---|---|
| campo de control de longitud fija | 00879nam a2200217 i 4500 |
| 001 - NÚMERO DE CONTROL | |
| campo de control | 167272 |
| 003 - IDENTIFICADOR DE NÚMERO DE CONTROL | |
| campo de control | ES-MaACL |
| 005 - FECHA Y HORA DE LA ÚLTIMA TRANSACCIÓN | |
| campo de control | 20250818063107.0 |
| 008 - DATOS DE LONGITUD FIJA--INFORMACIÓN GENERAL | |
| campo de control de longitud fija | 931025s1868 sp |||| | spa d |
| 100 1# - ENTRADA PRINCIPAL--NOMBRE DE PERSONA | |
| Nombre de persona | Verne, Jules, |
| Fechas asociadas al nombre | 1828-1905 |
| 9 (RLIN) | 188654 |
| 245 10 - MENCIÓN DEL TÍTULO | |
| Título | Cinco semanas en globo |
| Resto del título | : viajes y descubrimientos en África por tres ingleses, redactada segun las notas del doctor Fergusson / |
| Mención de responsabilidad, etc. | Julio Verne; traducción de F. N. |
| 260 ## - PUBLICACIÓN, DISTRIBUCIÓN, ETC. | |
| Lugar de publicación, distribución, etc. | Madrid : |
| Nombre del editor, distribuidor, etc. | [s.n.], |
| Fecha de publicación, distribución, etc. | 1868 ( |
| Fabricante | imp. de la Biblioteca Universal Económica) |
| 300 ## - DESCRIPCIÓN FÍSICA | |
| Extensión | 259 p. ; |
| Dimensiones | 18 cm. |
| 490 1# - MENCIÓN DE SERIE | |
| Mención de serie | Biblioteca Económica de Instricción y Recreo |
| 700 1# - ENTRADA AGREGADA--NOMBRE PERSONAL | |
| Nombre de persona | Ortiz de la Puebla, Vicente. |
| 9 (RLIN) | 87594 |
| 700 0# - ENTRADA AGREGADA--NOMBRE PERSONAL | |
| Nombre de persona | Fergusson, James. |
| 9 (RLIN) | 49295 |
| 830 0# - PUNTO DE ACCESO ADICIONAL DE SERIE-TÍTULO UNIFORME | |
| Título uniforme | Biblioteca Económica de Instricción y Recreo |
| 9 (RLIN) | 222611 |
| 852 ## - LOCALIZACIÓN | |
| Ubicación | ES-MaACL |
| Número de control de estantería | D-3118 |
| Nota libre | -- Enc. hol. |
| Estatus retirado | Estado de pérdida | Estado de daño | No para préstamo | Colección | Biblioteca de origen | Biblioteca actual | Ubicación en estantería | Fecha de adquisición | Fuente de adquisición | Total de préstamos | Signatura topográfica completa | Código de barras | Visto por última vez | Precio de reemplazo | Tipo de ítem Koha |
|---|---|---|---|---|---|---|---|---|---|---|---|---|---|---|---|
| Libros del s. XIX | Biblioteca del Ateneo de Madrid | Biblioteca del Ateneo de Madrid | Sala Valle Inclán | 17/01/2008 | D-3118 | 901175471 | 23/02/2023 | 23/02/2023 | Libro impreso antiguo |
